000 00986cam a2200157 4500500
005 20251228051330.0
041 _afre
042 _adc
100 1 0 _aSalin, Dominique
_eauthor
245 0 0 _aThérèse de Lisieux et Franz Kafka
260 _c2024.
500 _a80
520 _aLa littérature prendrait-elle la relève de la religion ? Elle assume les questions radicales de l’humanité que prenaient en charge les grands systèmes, désormais décrédibilisés. Deux figures quasi contemporaines, aussi disparates soient-elles, une mystique et un écrivain athée, sont mises en parallèle. La « petite voie » thérésienne, qui interroge la « volonté de puissance », n’est pas sans résonance avec le questionnement kafkaïen. L’expérience mystique se produit dans la banalité du quotidien.
786 0 _nÉtudes | ovembre | 11 | 2024-11-07 | p. 81-92 | 0014-1941
856 4 1 _uhttps://shs.cairn.info/revue-etudes-2024-11-page-81?lang=fr&redirect-ssocas=7080
999 _c1581691
_d1581691